000
00168nam a22000977a 4500
003
SGT
245
_a
Caries Research
260
_c
2009
300
_a
504
942
_2
ddc
_c
BV
999
_c
30251
_d
30251